Multiple Choice-Stadtquiz Innsbruck - Statistiken

Allgemein
  • Dieses Quiz wurde 31 mal gespielt
  • Das Durchschnittsergebnis liegt bei 7 aus 10
Antwortstatistiken
Frage Antwort % Korrekt
Wie heißt die Innsbrucker Skisprungschanze? Bergiselschanze
87%
Ein Wahrzeichen Innsbrucks ist das Goldene ...? Dachl
87%
In welchem Stadtteil befindet sich der Olympia Eiskanal, der noch heute verwendet wird? Igls
77%
Welcher ist der Hausberg Innsbrucks? Patscherkofel
77%
Wann fanden die Olympischen Spiele in Innsbruck statt? 1964 & 1976
71%
Wie heißt das Innsbrucker Stadion, wo u.a. 2008 bei der Fußball-EM gespielt wurde? Tivoli
71%
Welcher Fluss mündet in Innsbruck in den Inn? Sill
55%
Nach welcher Partnerstadt in den USA ist ein jährliches Jazz/Bluesfestival in Innsbruck benannt? New Orleans
52%
Welcher Prominente wurde NICHT in Innsbruck geboren? DJ Ötzi
45%
In welchem Innsbrucker Schloss befindet sich das einzige Bundesmuseum außerhalb Wiens? Ambras
35%
Keine übereinstimmenden Quizze gefunden
Verteilung der Resultate
Anzahl Personen mit jedem Resultat
Perzentil nach korrekt beantworteten Fragen
Ihre Resultats-Entwicklung
Sie haben dieses Quiz noch nicht gespielt